[Event "POL-ch sf (Women)"]
[Site "Karpacz"]
[Date "2023.12.04"]
[Round "1"]
[White "Zapalowska, Wiktoria"]
[Black "Dwilewicz, Katarzyna"]
[Result "0-1"]
[WhiteElo "1684"]
[BlackElo "2112"]
[PlyCount "72"]
[EventDate "2023.12.04"]
[EventType "swiss"]
[EventRounds "9"]
[EventCountry "POL"]
[SourceTitle "CB50_2023"]
[SourceDate "2023.12.13"]
[SourceVersion "1"]
[SourceVersionDate "2023.12.13"]
[SourceQuality "1"]

1. e4 c5 2. Nf3 e6 3. g3 Nc6 4. Bg2 Nf6 5. Qe2 e5 6. c3 Be7 7. 0-0 0-0 8. d3 Re8 9. Na3 Bf8 10. Bg5 h6 11. Bxf6 Qxf6 12. Nc4 d6 13. Ne3 Be6 14. Nd2 g5 15. a4 Bg7 16. Ndc4 Rad8 17. Nd5 Qg6 18. Nce3 h5 19. g4 hxg4 20. Nxg4 Bxd5 21. exd5 Ne7 22. Ne3 f5 23. h3 Kf7 24. Bf3 Rh8 25. Kg2 Rh4 26. Rh1 Rdh8 27. Rh2 Qh7 28. Rah1 Ng6 29. Qd1 g4 30. Nxg4 fxg4 31. Bxg4 Nf4+ 32. Kf1 Qxd3+ 33. Qxd3 Nxd3 34. f3 c4 35. Re2 Nf4 36. Rd2 Bf6 0-1

[Event "EU-ch U16 Girls 31st"]
[Site "Mamaia"]
[Date "2023.09.05"]
[Round "1"]
[White "Manko, Mariya"]
[Black "Zapalowska, Wiktoria"]
[Result "1-0"]
[WhiteElo "2095"]
[BlackElo "1735"]
[PlyCount "64"]
[EventDate "2023.09.05"]
[EventType "swiss"]
[EventRounds "9"]
[EventCountry "ROU"]
[SourceTitle "EXT 2024"]
[Source "ChessBase"]
[SourceDate "2023.10.10"]
[SourceVersion "1"]
[SourceVersionDate "2023.10.10"]
[SourceQuality "1"]

1. d4 d5 2. c4 e6 3. Nf3 Nf6 4. g3 dxc4 5. Bg2 c6 6. 0-0 Nbd7 7. Qc2 b5 8. e4 Bb7 9. Nc3 Be7 10. h4 a6 11. e5 Nd5 12. Bg5 Nxc3 13. bxc3 c5 14. a4 cxd4 15. cxd4 Rb8 16. axb5 axb5 17. Ra7 Bxg5 18. Nxg5 Bxg2 19. Kxg2 h6 20. Nxe6 Qb6 21. Nc7+ Kf8 22. Rfa1 Qxd4 23. Qf5 Kg8 24. e6 Qf6 25. exf7+ Qxf7 26. Qxf7+ Kxf7 27. Na6 Rbd8 28. Nc5 Kg6 29. Nxd7 Rhe8 30. R1a6+ Kf5 31. Kf3 h5 32. Rb7 Rh8 1-0

[Event "POL-ch Rapid U18 Girls"]
[Site "Bydgoszcz"]
[Date "2023.08.30"]
[Round "9"]
[White "Szczotka, Klara"]
[Black "Zapalowska, Wiktoria"]
[Result "1-0"]
[WhiteElo "1828"]
[BlackElo "1570"]
[PlyCount "85"]
[EventDate "2023.08.28"]
[EventType "swiss"]
[EventRounds "11"]
[EventCountry "POL"]
[SourceTitle "EXT 2024"]
[Source "ChessBase"]
[SourceDate "2023.10.10"]
[SourceVersion "1"]
[SourceVersionDate "2023.10.10"]
[SourceQuality "1"]

1. d4 Nf6 2. c4 e6 3. Nc3 d5 4. cxd5 exd5 5. Bg5 c6 6. e3 h6 7. Bh4 Be7 8. Bd3 a5 9. Nge2 Na6 10. Rc1 Nc7 11. 0-0 Ne6 12. Qc2 0-0 13. f3 Ng5 14. e4 dxe4 15. fxe4 c5 16. d5 Ng4 17. Nd1 Bd6 18. Bg3 Bxg3 19. Nxg3 b6 20. Qc3 Qc7 21. Nf2 Ne5 22. Bb5 f6 23. Nd3 Nxd3 24. Qxd3 Nf7 25. Nh5 Ra7 26. Rc3 Kh8 27. Qe2 Ne5 28. Rg3 Qd6 29. Qe3 f5 30. Qc3 Rff7 31. Nf4 fxe4 32. Qxe5 Qxe5 33. Ng6+ Kg8 34. Nxe5 Rxf1+ 35. Kxf1 Re7 36. Nc6 Rf7+ 37. Ke2 Bf5 38. a4 Rd7 39. Bc4 Kf8 40. b3 g5 41. Rc3 Rf7 42. h3 g4 43. Ne5 1-0

[Event "POL-ch Rapid U18 Girls"]
[Site "Bydgoszcz"]
[Date "2023.08.30"]
[Round "8"]
[White "Zapalowska, Wiktoria"]
[Black "Niedorys, Karolina"]
[Result "1-0"]
[WhiteElo "1570"]
[BlackElo "1384"]
[PlyCount "71"]
[EventDate "2023.08.28"]
[EventType "swiss"]
[EventRounds "11"]
[EventCountry "POL"]
[SourceTitle "EXT 2024"]
[Source "ChessBase"]
[SourceDate "2023.10.10"]
[SourceVersion "1"]
[SourceVersionDate "2023.10.10"]
[SourceQuality "1"]

1. e4 c5 2. Nf3 d6 3. Bb5+ Bd7 4. a4 Bxb5 5. axb5 Nd7 6. 0-0 Ngf6 7. d3 g6 8. Bd2 Bg7 9. c4 0-0 10. Bc3 e5 11. Nbd2 a5 12. bxa6 Rxa6 13. Rxa6 bxa6 14. Qa4 Qb6 15. Ra1 Ra8 16. Nf1 Nb8 17. Ne3 Nc6 18. Nd5 Nxd5 19. cxd5 Nb4 20. Bxb4 cxb4 21. Nd2 Bf8 22. Nc4 Qc5 23. Na5 Qd4 24. Qb3 Qc5 25. g3 Be7 26. Nc6 Bd8 27. Qxb4 Qxb4 28. Nxb4 Rb8 29. Nc6 Rc8 30. Rxa6 Kf8 31. b4 Ke8 32. b5 Bc7 33. b6 Bb8 34. b7 Rc7 35. Ra8 Rxb7 36. Rxb8+ 1-0

[Event "POL-ch U16 Girls"]
[Site "Jastrzebia Gora"]
[Date "2023.??.??"]
[Round "4"]
[White "Zapalowska, Wiktoria"]
[Black "Bandyk, Joanna"]
[Result "1-0"]
[WhiteElo "1639"]
[BlackElo "1459"]
[PlyCount "97"]
[EventDate "2023.03.11"]
[EventType "swiss"]
[EventRounds "9"]
[EventCountry "POL"]
[SourceTitle "CBM 213 Extra"]
[Source "ChessBase"]
[SourceDate "2023.05.31"]
[SourceVersion "1"]
[SourceVersionDate "2023.05.31"]
[SourceQuality "1"]

1. e4 c5 2. Nf3 d6 3. Bb5+ Nd7 4. 0-0 a6 5. Bd3 Ngf6 6. Re1 Qc7 7. a4 e6 8. b3 Be7 9. Bb2 0-0 10. Na3 b6 11. c3 Bb7 12. Bc2 Ne5 13. Rc1 d5 14. Nxe5 Qxe5 15. d4 Qh5 16. e5 Qxd1 17. Rcxd1 Nd7 18. Bb1 f6 19. f4 fxe5 20. fxe5 Bg5 21. Nc2 Rf7 22. Rf1 Raf8 23. Rxf7 Rxf7 24. Rf1 Nf8 25. Rxf7 Kxf7 26. Kf2 Ng6 27. g3 Bc6 28. Ne1 Be7 29. Ba3 cxd4 30. Bxg6+ hxg6 31. Bxe7 Kxe7 32. cxd4 Be8 33. Kf3 Kd7 34. Nd3 a5 35. h4 Ke7 36. Nf4 b5 37. axb5 Bxb5 38. Nxg6+ Kf7 39. Nf4 a4 40. bxa4 Bxa4 41. Kg4 Bc2 42. Kg5 Be4 43. g4 Bc2 44. h5 Bd1 45. Kh4 Bc2 46. g5 Bf5 47. g6+ Kg8 48. Kg5 Kh8 49. h6 1-0

[Event "POL-ch U16 Girls"]
[Site "Jastrzebia Gora"]
[Date "2023.??.??"]
[Round "2"]
[White "Zapalowska, Wiktoria"]
[Black "Dura, Anna"]
[Result "1-0"]
[WhiteElo "1639"]
[BlackElo "1186"]
[PlyCount "59"]
[EventDate "2023.03.11"]
[EventType "swiss"]
[EventRounds "9"]
[EventCountry "POL"]
[SourceTitle "CBM 213 Extra"]
[Source "ChessBase"]
[SourceDate "2023.05.31"]
[SourceVersion "1"]
[SourceVersionDate "2023.05.31"]
[SourceQuality "1"]

1. e4 e6 2. d4 d5 3. Nd2 c5 4. Ngf3 Nc6 5. exd5 Qxd5 6. Bc4 Qd8 7. dxc5 Bxc5 8. a3 Nf6 9. 0-0 0-0 10. b4 Be7 11. Bb2 a6 12. Bd3 b5 13. Qe2 Bb7 14. c4 bxc4 15. Nxc4 Qc7 16. Rac1 Qf4 17. Nb6 Ra7 18. Rc4 Qd6 19. Rd1 Nd5 20. Rg4 g6 21. Nc4 Qd8 22. Nfe5 Bf6 23. Rg3 Nf4 24. Qe3 Nd5 25. Qc1 Nce7 26. Rh3 Bg7 27. Ng4 h5 28. Bxg7 Kxg7 29. Qh6+ Kg8 30. Rxh5 1-0

[Event "POL-ch U20 Girls"]
[Site "Karpacz"]
[Date "2022.11.23"]
[Round "6"]
[White "Barwinska, Ewa"]
[Black "Zapalowska, Wiktoria"]
[Result "1-0"]
[WhiteElo "1989"]
[BlackElo "1495"]
[PlyCount "63"]
[EventDate "2022.11.19"]
[EventType "swiss"]
[EventRounds "9"]
[EventCountry "POL"]
[SourceTitle "EXT 2024"]
[Source "ChessBase"]
[SourceDate "2023.10.10"]
[SourceVersion "1"]
[SourceVersionDate "2023.10.10"]
[SourceQuality "1"]

1. e4 c6 2. Nc3 d5 3. Nf3 Bg4 4. h3 Bxf3 5. Qxf3 e6 6. d4 dxe4 7. Qxe4 Nf6 8. Qd3 Nbd7 9. g3 Be7 10. Bg2 0-0 11. 0-0 Rc8 12. a4 a5 13. b3 Nb6 14. Bb2 Nbd5 15. Nxd5 exd5 16. c4 b6 17. Bc3 Qd7 18. Rab1 Rfd8 19. Rfd1 h6 20. Qc2 Qc7 21. Qf5 g6 22. Qe5 Kg7 23. c5 bxc5 24. Qxc7 Rxc7 25. Bxa5 Rdc8 26. Bxc7 Rxc7 27. dxc5 Bxc5 28. b4 Ba7 29. b5 cxb5 30. axb5 Bb6 31. Rbc1 Ne4 32. Bxe4 1-0

[Event "POL-ch U20 Girls"]
[Site "Karpacz"]
[Date "2022.11.22"]
[Round "4"]
[White "Zapalowska, Wiktoria"]
[Black "Jarocka, Liwia"]
[Result "1/2-1/2"]
[WhiteElo "1495"]
[BlackElo "2161"]
[PlyCount "102"]
[EventDate "2022.11.19"]
[EventType "swiss"]
[EventRounds "9"]
[EventCountry "POL"]
[SourceTitle "EXT 2024"]
[Source "ChessBase"]
[SourceDate "2023.10.10"]
[SourceVersion "1"]
[SourceVersionDate "2023.10.10"]
[SourceQuality "1"]

1. e4 c6 2. d4 d5 3. exd5 cxd5 4. Bd3 Nc6 5. c3 Qc7 6. Ne2 Bg4 7. 0-0 e6 8. Qe1 Nf6 9. f3 Bh5 10. Bg5 Bg6 11. Bxg6 hxg6 12. Bf4 Bd6 13. Bxd6 Qxd6 14. Qg3 0-0-0 15. Qxd6 Rxd6 16. Nd2 b6 17. Rfe1 Kb7 18. Nc1 Rdd8 19. Nd3 Ne8 20. Ne5 Nxe5 21. dxe5 Nc7 22. Nb3 Na6 23. Nd4 Nc5 24. Rad1 a6 25. Rd2 Na4 26. h3 b5 27. Re3 g5 28. Kf2 Rc8 29. Ree2 Rh4 30. a3 Nb6 31. Nb3 Nd7 32. Rd4 Rh5 33. Rg4 Kb6 34. a4 Rc4 35. axb5 axb5 36. Kg3 Nf8 37. Nd2 Rc7 38. Rd4 f5 39. exf6 gxf6 40. f4 gxf4+ 41. Rxf4 Rh6 42. Nf3 Rc4 43. Rd4 Rc5 44. Rf4 Rc4 45. Rd4 Rc5 46. Rf4 Rc8 47. h4 e5 48. Rf5 Ne6 49. Nxe5 fxe5 50. Rexe5 Rg8+ 51. Kh3 Rgh8 1/2-1/2

[Event "POL-ch U14 Girls"]
[Site "Uniejow"]
[Date "2021.07.20"]
[Round "2"]
[White "Zapalowska, Wiktoria"]
[Black "Brelinska, Marcelina"]
[Result "1-0"]
[WhiteElo "1279"]
[BlackElo "1057"]
[PlyCount "149"]
[EventDate "2021.07.18"]
[EventType "swiss"]
[EventRounds "9"]
[EventCountry "POL"]
[SourceTitle "EXT 2022"]
[Source "ChessBase"]
[SourceDate "2021.10.06"]
[SourceVersion "1"]
[SourceVersionDate "2021.10.06"]
[SourceQuality "1"]

1. e4 e5 2. Nf3 Nc6 3. Bb5 Nge7 4. 0-0 g6 5. c3 Bg7 6. d4 exd4 7. cxd4 0-0 8. Nc3 d5 9. exd5 Nxd5 10. Bg5 Qd6 11. h3 Bf5 12. Qd2 a6 13. Ba4 Nb6 14. Bxc6 Qxc6 15. b3 Nd5 16. Rac1 Nxc3 17. Rxc3 Qd7 18. Re1 Rfe8 19. Rce3 Rxe3 20. fxe3 h6 21. Bf4 g5 22. Bh2 Rd8 23. Qa5 c6 24. Ne5 Qd5 25. Qc7 Bxe5 26. Bxe5 Qd7 27. Qxd7 Rxd7 28. e4 Bg6 29. Kf2 Kf8 30. g4 Ke7 31. Bg7 h5 32. Ke3 hxg4 33. hxg4 Ke6 34. Rf1 Ke7 35. Bf6+ Ke8 36. Bxg5 a5 37. a3 b5 38. Rh1 Ra7 39. Rh8+ Kd7 40. Rd8+ Kc7 41. Re8 Kb7 42. Kd3 Ra8 43. Re7+ Kb6 44. Kc3 Ra7 45. d5 Rxe7 46. Bxe7 c5 47. e5 Be4 48. Bd8+ Kb7 49. d6 Ka6 50. g5 Bd5 51. Bxa5 Be6 52. Bd8 Kb7 53. a4 b4+ 54. Kb2 Kc6 55. a5 Kb7 56. Bb6 Kc6 57. Kc2 Bf5+ 58. Kd2 Be6 59. Ke3 Bxb3 60. Bxc5 Be6 61. Bxb4 Kb5 62. Bd2 Kc6 63. Kf4 Kb7 64. g6 fxg6 65. Kg5 Kc6 66. Kxg6 Bc8 67. Kf6 Kd5 68. a6 Bxa6 69. d7 Kc6 70. d8Q Kb5 71. Qc7 Ka4 72. Qa5+ Kb3 73. Qc3+ Ka2 74. Bc1 Kb1 75. Qd2 1-0

[Event "POL-ch rapid (Women)"]
[Site "Bydgoszcz"]
[Date "2020.12.13"]
[Round "7"]
[White "Kawa, Anna"]
[Black "Zapalowska, Wiktoria"]
[Result "1-0"]
[WhiteElo "1210"]
[BlackElo "1206"]
[PlyCount "145"]
[EventDate "2020.12.13"]
[EventType "swiss (rapid)"]
[EventRounds "9"]
[EventCountry "POL"]
[SourceTitle "CBM 199 Extra"]
[Source "ChessBase"]
[SourceDate "2021.01.31"]
[SourceVersion "1"]
[SourceVersionDate "2021.01.31"]
[SourceQuality "1"]

1. e4 c5 2. Nf3 e6 3. g3 g6 4. Bg2 Bg7 5. 0-0 Nc6 6. c3 Nf6 7. Qe2 0-0 8. d4 cxd4 9. cxd4 a6 10. Nc3 d5 11. e5 Nd7 12. Bg5 Qb6 13. Rfd1 Re8 14. Qd2 f6 15. exf6 Nxf6 16. Na4 Qb4 17. Qxb4 Nxb4 18. Nb6 Rb8 19. Ne5 Nc6 20. Bxf6 Bxf6 21. Ned7 Bxd4 22. Nxb8 Bxb6 23. Nxc6 bxc6 24. Rac1 Bb7 25. b4 Kf7 26. a4 Ke7 27. Rb1 Kd6 28. b5 axb5 29. axb5 c5 30. f4 c4+ 31. Kf1 Rc8 32. Bh3 c3 33. Re1 Re8 34. Rbc1 d4 35. Ke2 e5 36. fxe5+ Rxe5+ 37. Kd3 g5 38. Rxe5 Kxe5 39. Re1+ Kd6 40. Re6+ Kc5 41. Re5+ Kb4 42. Be6 g4 43. Bc4 Ka3 44. Re1 Bf3 45. Re6 Kb2 46. Rxb6 c2 47. Ra6 c1Q 48. Ra2+ Kb1 49. Kxd4 Qd1+ 50. Kc5 Qg1+ 51. Kb4 Qe1+ 52. Kc5 Qe5+ 53. Kb4 Qd6+ 54. Kc3 Qe5+ 55. Kb4 Qd4 56. Kb3 Bd1+ 57. Kb4 Bf3 58. Kb3 Bd5 59. Rc2 Bxc4+ 60. Rxc4 Qb2+ 61. Ka4 Ka2 62. Ka5 Qd2+ 63. Ka6 Qd6+ 64. Rc6 Qa3+ 65. Kb7 Qe7+ 66. Rc7 Qe4+ 67. Kb8 Qb4 68. Rb7 Qf8+ 69. Ka7 Qc5+ 70. b6 Ka3 71. Ka8 Qa5+ 72. Ra7 Qxa7+ 73. Kxa7 1-0

[Event "POL-ch rapid (Women)"]
[Site "Bydgoszcz"]
[Date "2020.12.13"]
[Round "8"]
[White "Retz, Agnieszka"]
[Black "Zapalowska, Wiktoria"]
[Result "1/2-1/2"]
[WhiteElo "1193"]
[BlackElo "1206"]
[PlyCount "89"]
[EventDate "2020.12.13"]
[EventType "swiss (rapid)"]
[EventRounds "9"]
[EventCountry "POL"]
[SourceTitle "CBM 199 Extra"]
[Source "ChessBase"]
[SourceDate "2021.01.31"]
[SourceVersion "1"]
[SourceVersionDate "2021.01.31"]
[SourceQuality "1"]

1. e4 c5 2. Nf3 e6 3. d4 cxd4 4. Nxd4 Nc6 5. Be3 Qc7 6. Nc3 a6 7. Be2 Nf6 8. 0-0 Bb4 9. f3 0-0 10. Qd2 Rd8 11. a3 Be7 12. f4 d5 13. Bf3 dxe4 14. Nxe4 Nxe4 15. Bxe4 Nxd4 16. Bxd4 Bc5 17. c3 f6 18. Qe3 Bxd4 19. cxd4 Qb6 20. Qf2 Qxd4 21. Qxd4 Rxd4 22. Bf3 Rb8 23. Rfd1 Rxd1+ 24. Rxd1 Kf7 25. Rc1 h6 26. Rc7+ Kf8 27. Bh5 b5 28. Rf7+ Kg8 29. Re7 Kh7 30. Bf7 Rb7 31. Rxb7 Bxb7 32. Bxe6 Kg6 33. g4 h5 34. h3 a5 35. Bd7 b4 36. axb4 axb4 37. Be8+ Kh6 38. gxh5 Bf3 39. Kf2 Bxh5 40. Bxh5 Kxh5 41. Kg3 g6 42. b3 Kh6 43. h4 f5 44. Kf3 Kh5 45. Kg3 1/2-1/2

[Event "POL-ch rapid (Women)"]
[Site "Bydgoszcz"]
[Date "2020.12.13"]
[Round "4"]
[White "Zapalowska, Wiktoria"]
[Black "Lesniak, Angelika"]
[Result "1/2-1/2"]
[WhiteElo "1206"]
[BlackElo "1275"]
[PlyCount "73"]
[EventDate "2020.12.13"]
[EventType "swiss (rapid)"]
[EventRounds "9"]
[EventCountry "POL"]
[SourceTitle "CBM 199 Extra"]
[Source "ChessBase"]
[SourceDate "2021.01.31"]
[SourceVersion "1"]
[SourceVersionDate "2021.01.31"]
[SourceQuality "1"]

1. e4 d5 2. exd5 Nf6 3. d4 Nxd5 4. Nf3 Bg4 5. Be3 Nxe3 6. fxe3 Qd5 7. Nc3 Qd8 8. h3 Bh5 9. g4 Bg6 10. Bg2 c6 11. Qd2 e6 12. a3 Be7 13. 0-0-0 Nd7 14. h4 h6 15. Kb1 Qc7 16. Qf2 0-0-0 17. h5 Bh7 18. e4 Nf6 19. Ne5 Rhf8 20. Qe2 Nd7 21. Nxd7 Rxd7 22. d5 Rfd8 23. dxe6 fxe6 24. Rxd7 Rxd7 25. Rd1 e5 26. Rxd7 Qxd7 27. Qd3 Qc7 28. Nd1 Bg5 29. Ne3 Bxe3 30. Qxe3 Qd6 31. Kc1 a6 32. Qd3 Qe7 33. Bh3 Kc7 34. Kd2 Qg5+ 35. Qe3 Qd8+ 36. Qd3 Qg5+ 37. Qe3 1/2-1/2

[Event "POL-ch blitz (Women)"]
[Site "Bydgoszcz"]
[Date "2020.12.12"]
[Round "1"]
[White "Zapalowska, Wiktoria"]
[Black "Malicka, Maria"]
[Result "0-1"]
[WhiteElo "1206"]
[BlackElo "2291"]
[PlyCount "56"]
[EventDate "2020.12.12"]
[EventType "swiss (blitz)"]
[EventRounds "11"]
[EventCountry "POL"]
[SourceTitle "CBM 199 Extra"]
[Source "ChessBase"]
[SourceDate "2021.01.31"]
[SourceVersion "1"]
[SourceVersionDate "2021.01.31"]
[SourceQuality "1"]

1. e4 c5 2. Nf3 d6 3. Bb5+ Nd7 4. 0-0 a6 5. Bxd7+ Bxd7 6. c3 Nf6 7. Re1 e6 8. d4 Be7 9. Nbd2 0-0 10. a3 b5 11. b4 Rc8 12. Bb2 Bc6 13. e5 dxe5 14. Nxe5 cxd4 15. cxd4 Qd5 16. Nxc6 Rxc6 17. Nf3 Rfc8 18. Rc1 Rxc1 19. Bxc1 Ne4 20. Bb2 Bf6 21. Qd3 Nd6 22. Rc1 Nc4 23. Qe2 Rd8 24. Rd1 g6 25. h3 Bg7 26. Ba1 Nxa3 27. Bb2 Nc4 28. Bc1 Qd6 0-1

[Event "POL-ch blitz (Women)"]
[Site "Bydgoszcz"]
[Date "2020.12.12"]
[Round "6"]
[White "Zapalowska, Wiktoria"]
[Black "Samol, Julia"]
[Result "0-1"]
[WhiteElo "1206"]
[BlackElo "1251"]
[PlyCount "53"]
[EventDate "2020.12.12"]
[EventType "swiss (blitz)"]
[EventRounds "11"]
[EventCountry "POL"]
[SourceTitle "CBM 199 Extra"]
[Source "ChessBase"]
[SourceDate "2021.01.31"]
[SourceVersion "1"]
[SourceVersionDate "2021.01.31"]
[SourceQuality "1"]

1. e4 c5 2. Nf3 e6 3. d4 cxd4 4. Nxd4 Nc6 5. Nc3 Qc7 6. Ndb5 Qb8 7. Be3 a6 8. Nd4 b5 9. a3 Bb7 10. f3 Be7 11. Be2 Nf6 12. 0-0 0-0 13. Nb3 Rd8 14. Qe1 d5 15. exd5 Nxd5 16. Nxd5 Rxd5 17. Rd1 Rd8 18. Rxd8+ Qxd8 19. Qd1 Qc7 20. Bd3 Rd8 21. Qe2 Ne5 22. Rd1 Bd5 23. Nd4 Bc4 24. Bxc4 Nxc4 25. c3 Bc5 26. Bf2 Qb6 27. Ra1 0-1

[Event "Anti Cheating Blitz Cup"]
[Site "Chess.com INT"]
[Date "2020.05.20"]
[Round "11"]
[White "Dryaeva, Lana"]
[Black "Zapalowska, Wiktoria"]
[Result "0-1"]
[WhiteElo "1404"]
[BlackElo "1250"]
[PlyCount "126"]
[EventDate "2020.05.20"]
[EventType "swiss (blitz)"]
[EventRounds "11"]
[EventCountry "USA"]
[SourceTitle "CBM 196 Extra"]
[Source "ChessBase"]
[SourceDate "2020.07.31"]
[SourceVersion "1"]
[SourceVersionDate "2020.07.31"]
[SourceQuality "1"]

1. d4 d5 2. e3 Nf6 3. Nf3 Bg4 4. Nbd2 e6 5. Bd3 Nc6 6. a3 Bd6 7. b3 0-0 8. Bb2 a6 9. h3 Bh5 10. 0-0 Re8 11. g4 Bg6 12. Bxg6 hxg6 13. Ne5 Nd7 14. f4 Ncxe5 15. fxe5 Be7 16. Qf3 f6 17. exf6 Bxf6 18. c4 c6 19. e4 dxc4 20. bxc4 e5 21. d5 cxd5 22. cxd5 Rc8 23. Rfc1 Qb6+ 24. Qf2 Qxb2 25. Rcb1 Qd4 26. Qxd4 exd4 27. Rxb7 Nc5 28. Ra7 Nxe4 29. Nxe4 Rxe4 30. Rxa6 d3 31. Rd1 Rd4 32. Rc6 Rd8 33. d6 R8xd6 34. Rxd6 Rxd6 35. a4 Bc3 36. Kf2 d2 37. Ke3 Kf7 38. g5 Ke6 39. Ke2 Kf5 40. h4 Kg4 41. Rh1 d1Q+ 42. Rxd1 Rxd1 43. Kxd1 Kxh4 44. Kc2 Ba5 45. Kb3 Kxg5 46. Kc4 Kf4 47. Kb5 Bd2 48. a5 Bxa5 49. Kxa5 g5 50. Kb4 g4 51. Kc3 g3 52. Kd2 g2 53. Ke1 g1Q+ 54. Ke2 Qg2+ 55. Kd3 Qf1+ 56. Kc3 Qd1 57. Kc4 Ke5 58. Kc3 Ke4 59. Kc4 Qc1+ 60. Kb5 Kd4 61. Kb4 Qb2+ 62. Ka4 Kc5 63. Ka5 Qb5# 0-1

[Event "Anti Cheating Blitz Cup"]
[Site "Chess.com INT"]
[Date "2020.05.20"]
[Round "8"]
[White "Zapalowska, Wiktoria"]
[Black "Casella, Bruno"]
[Result "0-1"]
[WhiteElo "1250"]
[BlackElo "1544"]
[PlyCount "100"]
[EventDate "2020.05.20"]
[EventType "swiss (blitz)"]
[EventRounds "11"]
[EventCountry "USA"]
[SourceTitle "CBM 196 Extra"]
[Source "ChessBase"]
[SourceDate "2020.07.31"]
[SourceVersion "1"]
[SourceVersionDate "2020.07.31"]
[SourceQuality "1"]

1. e4 e6 2. d4 d5 3. Nd2 c5 4. Ngf3 Nc6 5. exd5 exd5 6. c3 Nf6 7. Bd3 Bd6 8. 0-0 0-0 9. Re1 Bg4 10. dxc5 Bxc5 11. Nf1 Re8 12. Rxe8+ Qxe8 13. Ng3 Ne5 14. Be2 Nxf3+ 15. Bxf3 Bxf3 16. gxf3 Qe5 17. Bd2 Nh5 18. Kg2 Nxg3 19. fxg3 Re8 20. Qe1 Qe2+ 21. Qxe2 Rxe2+ 22. Kf1 Rxd2 23. Re1 Rf2+ 24. Kg1 Re2+ 25. Kf1 Rxe1+ 26. Kxe1 f6 27. Ke2 Kf7 28. Kd3 Ke6 29. f4 b5 30. g4 a5 31. a3 h5 32. gxh5 Kf5 33. h6 gxh6 34. b4 axb4 35. cxb4 Bg1 36. h3 Kxf4 37. Kc3 d4+ 38. Kc2 Kg3 39. a4 bxa4 40. b5 a3 41. Kb3 d3 42. Kxa3 d2 43. b6 Bxb6 44. Kb3 d1Q+ 45. Ka3 Qb1 46. Ka4 Kf3 47. Ka3 Ke3 48. Ka4 Kd3 49. Ka3 Kc3 50. Ka4 Qb4# 0-1